Регионална библиотека "Любен Каравелов" - Русе

Адел (Запис номер 137204)

MARC детайли
000 -Лидер
Контролно поле с фиксирана дължина 02157nam a2200481 c 4500
003 - Код на организацията, давaща контролен номер
Контролно поле BLK
005 - Дата и час на последна редакция
Контролно поле 20240605160816.0
008 - Елементи от данни с фиксирана дължина
fixed length control field 180409b bul|||||r ||||||| ||bul||
010 ## - Наследен системен номер
LC control number KNG00143170000
020 ## - Международен стандартен номер на книга ISBN
Международен стандартен номер на книга ISBN 978-954-28-1281-4
-- издат.: Сиела Норма
040 ## - Източник на каталожния запис
Идентификатор на билиотеката - собственик на записа BLK
041 ## - Код за език
Код за езика на текст/звукозапис или на отделно заглавие Български
Код за езика КДБФ Български
072 #7 - Код за тематичната категория
Код организация bullib
Код за тематична категория Н83
Текст Чужда художествена литература Н
080 ## - УДК
Текстов определител УДК Американска литература (на САЩ)
УДК код - определител по УДК 821.111(73)
УДК определител -94
УДК - код + определител 821.111(73)-94
080 ## - УДК
Текстов определител УДК Други видове песни. Изпълнители
УДК код - определител по УДК 784.7.071.2
УДК определител (410)(092)(0:82-9)
УДК - код + определител 784.7.071.2(410)(092)(0:82-9)
080 ## - УДК
Текстов определител УДК Адел Лори Блу Адкинс. Английскa поппевица и текстописец
УДК код - определител по УДК 929 Адел
УДК определител
УДК - код + определител 929 Адел
100 1# - Редна дума - Автор
Автор Шапиро, Марк
Авторска отговорност първи автор
R(LIN) 325738
139 ## - Редно поле
Редна дума Шапиро, Марк
Авторски знак Шапи - Ш 28
245 10 - Сведения за заглавието
Заглавие Адел
Подзаглавни данни Биогр.
Редно поле (дума) Марк Шапиро; прев. от англ. Стоянка Минчева Сербезова-Леви.
257 ## - Страна на издаване
Страна на създаване/издаване Съединени американски щати
260 ## - Област на издателските данни
-- София
Име на издателя, разпространителя и проч. Сиела Норма
Година на издаване 2013
Печатница Костинброд : Мултипринт
300 ## - Физическа характеристика
Страници 204 с.
Илюстрации и др. с ил.
Размери/Мащаб 21 см
380 ## - Жанр
Жанр Худож. лит.
500 ## - Общи забележки
Забележка Ориг. загл. Adele : The Biography / Marc Shapiro.
600 14 - Име на лице, използвано като предмет
За него / За нея Адел
9 (RLIN) 325739
650 #4 - Допълнително описание по предмет – тема
Основно описание – тема или топоним Попизпълнители
9 (RLIN) 167151
650 #4 - Допълнително описание по предмет – тема
Основно описание – тема или топоним Адел
9 (RLIN) 325739
650 #4 - Допълнително описание по предмет – тема
Основно описание – тема или топоним Попмузика, английска
9 (RLIN) 265277
650 #4 - Допълнително описание по предмет – тема
Основно описание – тема или топоним Музикални изпълнители, английски
9 (RLIN) 270445
651 #4 - Допълнително описание по предмет - топоним
Географско понятие Великобритания
9 (RLIN) 178698
653 ## - Ключова дума – ненормативна
Ключова дума попизпълнители
653 ## - Ключова дума – ненормативна
Ключова дума попзвезди
653 ## - Ключова дума – ненормативна
Ключова дума Адел
653 ## - Ключова дума – ненормативна
Ключова дума романизувани биографии
653 ## - Ключова дума – ненормативна
Ключова дума попмузика
700 1# - Други автори (авторска отговорност)
Лично име Сербезова-Леви, Стоянка Минчева
Автороска отговорност (Описва отношението между автора и произведението) прев. от англ.
9 (RLIN) 119812
852 ## - Местоположение
Форматна сигнатура Цб 259527
856 4# - Електронен адрес и достъп
Електронен формат pdf - файл
Път до файла /url/
856 4# - Електронен адрес и достъп
Електронен формат pdf - файл
Път до файла /url/
942 ## - АРТИКУЛИ
Вид на библиотечния материал Книги
Скрит в OPAC Не
Koha issues (borrowed), all copies 16
944 ## - СЪЗДАВАНЕ И РЕДАКЦИЯ на ЗАПИСА
Създаване/Редакция Създаване
Дата на регистрацията/редакция 28.05.2013
Статус, дата на статуса Цветелина Шанова
Служител, извършил регистрацията/редакцията 30531
944 ## - СЪЗДАВАНЕ И РЕДАКЦИЯ на ЗАПИСА
Създаване/Редакция Редакция
Дата на регистрацията/редакция 25.08.2014
Статус, дата на статуса ф /
Служител, извършил регистрацията/редакцията
999 ## - СИСТЕМНИ КОНТРОЛНИ НОМЕРА
Koha biblionumber 137204
Koha biblioitemnumber 137204
Наличности
Код за отписване Код за изгубен артикул Код за повреда Коз за рестрикции Код за отдаване Артикулен № Име на библиотеката - собственик Име на библиотеката, в която се намира в момента Статус (Текущо местоположение) Дата на вписване в системата Местоположение - отдел Цена в лева Инвентарен номер Систематично азбучна сигнатура Баркод Номер на екземпляра Цена в евро Служебна бележка Служебен тип на артикула
  Не е изгубен Не е повреден без рестрикции заемане за дома 224352 Регионална библиотека "Любен Каравелов" Русе Регионална библиотека "Любен Каравелов" Русе Заемна - подръчен фонд 2013-05-26 Заемна - подръчен фонд 7.00 120000766238 П 820(73)-9/Ш 28 120000766238 1 3.58 Дост: Pk Вид: Ф N: 488 Дата: 24.05.2013 Дата инв: 15.02.2018 Бележки инв: П2018 Книги
  Не е изгубен Не е повреден без рестрикции ползва се в читалня 224353 Регионална библиотека "Любен Каравелов" Русе Регионална библиотека "Любен Каравелов" Русе Хранилище 2014-08-22 Хранилище 14.00 120000779814 Цб 259527 120000779814 2 7.16 Дост: Dp Вид: Д N: 45 Дата: 01.11.2013 Книги
Vip Innovations Ltd, Rousse, Bulgaria 2025